000 00947cab a2200181 4500
001 ##L131108
008 050929n2005 000 0 eng u
035 _a(Sirsi) u131108
041 0 _aeng
100 1 _aBooty, Frank
245 0 0 _aMake mine a treble
260 _c2005
490 0 _aFacilities Management
_v12(12) September 2005, 12-13(2)
520 _aArticle written following attendance at a BIFM workshop entitled "Does facilities management have a role to play in corporate responsibility?" An increasing number of companies are adopting social responsibility policies, and reporting on their environmental performance. Examples of good practice discussed included Co-operative Financial Services, Carillion and a brownfield site construction at Tolworth, south London. Contains links to two websites.
590 _aIKA111005
690 _aMANAGEMENT-BUSINESS MANAGEMENT-BUSINESS ETHICS-CORPORATE SOCIAL RESPONSIBILITY
942 _n0
999 _c75945
_d75945